Rébus de pays en émojis - Statistiques

Statistiques générales
  • Ce quiz a été pris 3 296 fois
  • Le résultat moyen est 4 sur 10
Statistiques - réponses
1 2 3 4 Réponse % Correct
o Oman
78%
🥣 i 🫀 Bolivie
66%
🤕 i Mali
56%
🧗‍♂️ é 👃 🤰 Monténégro
55%
🧊 a Cuba
47%
🪙 = Sénégal
43%
🛣 🪚 Russie
42%
🛌 🪑 Liban
35%
a 🛌 Somalie
20%
🧦 👻 ♠️ Bahamas
5%
Aucun quiz correspondant
Distribution des résultats
% des personnes avec chaque résultat
Percentile par nombre de réponses
Votre historique - résultats
Vous n’avez pas pris ce quiz